Statistiken für Italienische Städte Karten-Quiz

Klicken Sie hier um das Quiz zu spielen!

Allgemein

  • Dieses Quiz wurde 20.424 mal gespielt
  • Das Durchschnittsergebnis liegt bei 9 aus 15

Antworten auf der Karte

Die Antworten werden auf der Karte rot bzw. grün angezeigt, abhängig davon wie oft sie richtig erraten wurden.
 

Antwortstatistiken

Antwort% Korrekt
Rom
88%
Venedig
78%
Neapel
75%
Mailand
73%
Palermo
68%
Genua
60%
Turin
60%
Florenz
57%
Triest
56%
Pisa
55%
Cagliari
52%
Verona
46%
Bari
45%
Reggio Calabria
39%
Pescara
32%

Verteilung der Resultate

Perzentil nach korrekt beantworteten Fragen

Anzahl Personen mit jedem Resultat

Ihre Resultats-Entwicklung

Sie haben dieses Quiz noch nicht gespielt